000 01054nam2a2200253 4500
001 RU\NLR\BIBL_A\011636970
005 20250626102036.0
035 _a(NLR Aleph) 011636970
090 _a11059423
_c11059423
100 _a20180216j19110525|||y0rusy50 ca
101 0 _aest
102 _aRU
135 _acrgn 008anaba
200 0 _a1911, № 40 (25 мая)
210 _d1911
_aБ. м.
325 1 _aКопия доступна в электронной библиотеке РНБ
461 0 _1001RU\NLR\BIBL_A\011527389
_12001#$aPetrogradi teataja$v1911, № 40 (25 мая)
_912127655
_cPetrograd
_d1908-1914
_tPetrogradi teataja
_v1911, № 40 (25 мая)
852 _aNLR
_bОНЛ
_jЭст.г./2-39
901 _eГазеты: ОНЛ
942 _cISSNP
980 _aNB
981 2 3 _a(23) Национальные литературы
_b(23) Периодические издания